000 00914nam a2200253Ia 4500
003 OSt
005 20221005113526.0
006 a|||||r|||| 00| 0
007 ta
008 221004b |||||||| |||| 00| 0 pan d
020 _a9788178835587 (hbk)
_cINR 150.00
024 _a33045
037 _b790, 27/02/2017, H.K. Prakashan
_cTextual
040 _aCRL
_cCRL
_bpan
041 _2pan
_apan
082 _aO153,1NGUx, Q6
100 _aਗੁਣਾਰੌਰੀਆ, ਜਸਬੀਰ, ਂਚ.
245 0 _aਹੱਸਦੇ Fਹੀਦੀਆਂ ਪਾ ਗਏ
260 _aਲੁਧਿਆਨਾ
_bਚੇਤਨਾ ਪ੍ਰਕਾFਨ ਭਾਰਤ
_c2016
300 _a116ਪ੍ਰ0
_ccm.
650 _a ਪੰਜਾਬੀ ਕਾਵਿ
942 _hO153,1NGUx, Q6
_cTEXL
_2cc
999 _c1028471
_d1028471